000 00414nam a2200157 a 4500
005 20140412111348.0
008 050420s19uu xx 00 eng d
020 _a1-57145-357-1
050 _aER
_bFi44
245 _aFirst words :
_bsorting and matching fun.
260 _a[s.l.] :
_b[s.n.].
300 _a1 v. (unp. ) ; ill.
440 _aFind and Fit
650 _aPicture book for children
999 _c105228
_d105228